000 00305nam a2200121Ia 4500
008 190216s9999||||xx |||||||||||||| ||und||
100 _aSathya Prakash & Agarwal
245 0 _aStatistical Mechanics
260 _bKedernath Ramnath
_c1989
300 _a431p
650 _aChemistry-Chemistry
942 _cBK
999 _c2637
_d2637